Simplifying C (Record no. 203530)

MARC details
000 -LEADER
fixed length control field 00475nam a2200169Ia 4500
008 - FIXED-LENGTH DATA ELEMENTS--GENERAL INFORMATION
fixed length control field 230714s9999 xx 000 0 und d
020 ## - INTERNATIONAL STANDARD BOOK NUMBER
International Standard Book Number 9790000000000
041 ## - LANGUAGE CODE
Language code of text/sound track or separate title eng
082 ## - DEWEY DECIMAL CLASSIFICATION NUMBER
Classification number 005.13'3
Item number ARO
100 ## - MAIN ENTRY--PERSONAL NAME
Personal name Arolkar H.
9 (RLIN) 192027
245 ## - TITLE STATEMENT
Title Simplifying C
260 ## - PUBLICATION, DISTRIBUTION, ETC. (IMPRINT)
Date of publication, distribution, etc. 2010
Name of publisher, distributor, etc. Dreamtech
300 ## - PHYSICAL DESCRIPTION
Extent 345
365 ## - TRADE PRICE
Currency code Rs.
Price amount 249.00
700 ## - ADDED ENTRY--PERSONAL NAME
Personal name Arolkar H., Jain S. & Kogent Learning Solutions Inc.
9 (RLIN) 192028
906 ## - LOCAL DATA ELEMENT F, LDF (RLIN)
d O:0178216-Jun-2011B:813430-May-2011
c IT
b 124.5

No items available.